[Event "Remote email"]
[Site "Remote email"]
[Date "2012.04.27"]
[Round "?"]
[White "Luka, Martin"]
[Black "Prestel, Andreas"]
[Result "0-1"]
[WhiteElo "2029"]
[BlackElo "2140"]
[PlyCount "100"]
[EventDate "2012.??.??"]
[EventType "tourn (corr)"]
[EventRounds "6"]
[EventCountry "GER"]
[SourceTitle "Corr 2015"]
[Source "ChessBase"]
[SourceDate "2015.07.17"]
[SourceVersion "1"]
[SourceVersionDate "2015.07.17"]
[SourceQuality "1"]

1. d4 Nf6 2. Bf4 g6 3. Nc3 Bg7 4. Nf3 d6 5. e4 Nbd7 6. Qd2 h6 7. Bb5 c6 8. Ba4 b5 9. Bb3 c5 10. dxc5 Nxc5 11. e5 Nxb3 12. axb3 Nh5 13. Qd5 Rb8 14. Be3 a6 15. g4 Bb7 16. Qd1 dxe5 17. Qxd8+ Rxd8 18. gxh5 Bxf3 19. Rg1 b4 20. Ne2 Bxh5 21. Rxa6 e4 22. Ra2 Bf3 23. Bd2 0-0 24. Bxb4 Rd7 25. Bc3 Rfd8 26. Ra1 e5 27. Rg3 Bf8 28. Bxe5 Rd2 29. Nd4 R8xd4 30. Bxd4 Rxd4 31. c3 Rd5 32. b4 Bd6 33. Rh3 h5 34. Rc1 g5 35. c4 Bxb4+ 36. Kf1 Rd2 37. b3 Kg7 38. Rxf3 exf3 39. h3 f5 40. Kg1 h4 41. c5 Bxc5 42. Rxc5 Kf6 43. b4 g4 44. hxg4 fxg4 45. Rc4 Kf5 46. Rc5+ Ke6 47. Rg5 g3 48. fxg3 Rg2+ 49. Kh1 hxg3 50. Rh5 Re2 0-1